logo

Bir Sreshtho Munshi Abdur Rouf Library
Jhenaidah Cadet College

Plane Trigonometry / (Record no. 4542)

MARC details
000 -LEADER
fixed length control field 00553nam a2200217 a 4500
001 - CONTROL NUMBER
JCCL Control Number 4542
003 - CONTROL NUMBER IDENTIFIER
JCCL marc code BD-JhCC
005 - DATE AND TIME OF LATEST TRANSACTION
control field 20171128164505.0
008 - FIXED-LENGTH DATA ELEMENTS--GENERAL INFORMATION
fixed length control field 171128s1956 |||| |||| 001 0 eng d
035 ## - SYSTEM CONTROL NUMBER
system control number (BD-JhCC)
040 ## - CATALOGING SOURCE
Original cataloging agency BD-JhCC
Modifying agency BD-JhCC
041 ## - LANGUAGE CODE
Language code of Book eng
082 ## - DEWEY DECIMAL CLASSIFICATION NUMBER
Classification number 516.24
Author mark and Year HEI 1956
100 ## - MAIN ENTRY--PERSONAL NAME
Personal name Heineman, E. Richard
245 ## - TITLE STATEMENT
Title Plane Trigonometry /
Statement of responsibility, etc E. Richard Heineman
260 ## - PUBLICATION, DISTRIBUTION, ETC. (IMPRINT)
Place of publication, distribution, etc London :
Name of publisher, distributor, etc Mcgraw-Hill book company,
Date of publication, distribution, etc 1956
300 ## - PHYSICAL DESCRIPTION
Pagination 167 p. :
Dimensions 22cm.
650 ## - SUBJECT ADDED ENTRY--TOPICAL TERM
Topical term or geographic name as entry element Plane Trigonometry
942 ## - ADDED ENTRY ELEMENTS (KOHA)
Source of classification or shelving scheme Dewey Decimal Classification
Koha item type Books
Holdings
Source of classification or shelving scheme Damaged status Not for loan Home library Current library Shelving location Date of accession Total Checkouts Full call number Barcode Date last seen Copy number Koha item type
Dewey Decimal Classification     JCC Rouf Library JCC Rouf Library General Stacks 11/28/2017   516.24 HEI 1956 6431 11/28/2017 C-1 Books
Dewey Decimal Classification     JCC Rouf Library JCC Rouf Library General Stacks 12/12/2017   516.24 HEI 1956 7448 12/12/2017 C- 2 Books

JCC Library | Contacts | JCC Home

Last Update on 23 September 2017
Copyright @ 2017-2020 JCC Rouf Library
Rouf Library, Jhenidah Cadet College (JCC), Bangladesh